000 00265nam a22001097a 4500
008 170113b xxu||||| |||| 00| 0 eng d
020 _a9780131142299
041 _aeng
080 _25TH
_a618.2
245 _aTECHNIQUES IN CLINICAL NURSING
_cKOZIER, B
942 _2udc
_cBK
999 _c2885
_d2885